000 00850cam a2200301I 4500
001 7487
003 BDjRUL
005 20211208234425.0
008 140115s1981 enk 001 0 eng d
020 _a041216440X
020 _a0412164507 (pbk.)
035 _a(BDjRUL)7531
035 _a(OCoLC)07779780
035 _aGLIS00135798
040 _aGZO
_cGZO
_dBDjRUL
_beng
041 _aeng
082 _a519.2
_bWEI 1981
090 _aQA276
_b.W455
099 _aQA276.W455
100 1 _aWetherill, G. Barrie.
_95348
245 1 0 _aIntermediate statistical methods /
_cG. Barrie Wetherill.
260 _aLondon ;
_aNew York :
_bChapman and Hall,
_cc1981.
300 _axv, 390 p. :
_bill. ;
_c25 cm.
504 _aBibliography: p. [354]-359.
650 0 _aMathematical statistics.
_923379
650 0 _a Probabilities
_9154412
942 _2ddc
_cBK
999 _c7487
_d7487